000 00387nam a2200157Ia 4500
008 210707s1979 xx 000 0 und d
041 _aeng
082 _a304.6 CASI
100 _aCASSEN (R H)
245 _aIndia: population, economy, society.
260 _aDelhi.
_bMacmillan India Ltd.
_c1979
300 _axiii,419 p
365 _b50
_cINR
563 _aPB
650 _aPopulation
999 _c180112
_d180112